LEADER 01291nam0 22003493i 450 001 RAV0234977 005 20231121125640.0 010 $a8842044172 020 $aIT$b94-8029 100 $a19970825d1994 ||||0itac50 ba 101 | $aita 102 $ait 181 1$6z01$ai $bxxxe 182 1$6z01$an 200 1 $aStoria delle macchine$etre millenni di cultura tecnologica$fVittorio Marchis 210 $aRoma \etc.!$cLaterza$d1994 215 $aVII, 362 p.$cill.$d24 cm. 225 | $aGrandi opere 410 0$1001RCA0226226$12001 $aGrandi opere 606 $aTecnologia$xStoria$2FIR$3RMLC054203$9I 606 $aMacchine$xStoria$2FIR$3RMLC087239$9I 676 $a609$9$v20 700 1$aMarchis$b, Vittorio$f <1950- >$3CFIV090107$4070$038590 801 3$aIT$bIT-01$c19970825 850 $aIT-RM028 $aIT-FR0099 899 $aBiblioteca Universitaria Alessandrina$bRM028 899 $aBiblioteca Area Ingegneristica$bFR0099 912 $aRAV0234977 950 0$aBiblioteca Area Ingegneristica$d 54DII 609 MAR$e 54VM 0000514835 VM barcode:BAIN004833. - Inventario:2541DVM$fA $h20041217$i20121204 977 $a 01$a 54 996 $aStoria delle macchine$9191108 997 $aUNICAS